abc the23rd ペーパー通過者 - Statistics

General Stats
  • This quiz has been taken 184 times
  • The average score is 27 of 48
Answer Stats
順位 所属 学年 Answer % Correct
1 早稲田大 大2 宮田大翔
88%
2 京都大 大2 松崎颯樹
85%
4 東京大 大3 犬飼壮太
80%
9 大阪大 大4 今井吹樹
79%
10 東京大 大3 林志邦
78%
15 灘高 高3 田中律輝
78%
12 東京大 大3 油田尊
74%
22 東京都立大 大4 佐々木涼太郎
74%
31 京都大 大4 押切真大
74%
11 東京大 大2 大谷悠斗
71%
47 中央医療技術専門学校 大1 當間海里
70%
5 大阪大 大3 浪江快斗
67%
41 大江戸高 高3 宮﨑晃樹
66%
35 東京大 大4 木村真実子
65%
3 東京大 大4 榎本悠哉
64%
42 早稲田大 大3 太田蒼良
64%
32 早稲田大 大1 伊藤悟
62%
26 京都大 大4 市川航太郎
60%
6 立命館大 大3 井上想介
59%
45 千葉大 大4 土田晴
59%
14 一橋大 大4 清水康平
58%
21 京都大 大3 別所輝典
58%
29 早稲田大 大3 奥野璃王
57%
37 早稲田大 大3 蓮沼零央
57%
43 九州大 大3 中山拓海
57%
8 京都大 大4 高山将人
54%
18 早稲田大 大3 北村航太郎
54%
48 慶應義塾大 大3 鈴木嵩琉
52%
13 慶應義塾大 大4 陳道宏
50%
20 東北大 大4 沼岡歩未哉
49%
39 千葉大 大4 増田悠真
49%
44 明治大 大3 鶴巻嵩大
49%
7 北海道大 大3 川本大吾
46%
19 早稲田大 大4 山崎和哉
46%
23 慶應義塾大 大4 三上卓
45%
36 東北大 大3 角田航平
45%
40 立命館大 大4 片根悠介
45%
38 慶應義塾大 大3 南奏斗
44%
25 京都大 大4 齋藤優慈
43%
33 立命館大 大3 飯星洸一郎
43%
34 東京大 大4 山川李成
43%
24 東京大 大2 六浦悠翔
42%
17 千葉大 大4 永田歩土
41%
28 早稲田大 大4 小川絢也
41%
16 大阪大 大2 尾花咲弥
39%
27 東京大 大2 中川昂
38%
30 東京大 大2 藤谷恒輝
34%
46 早稲田大 大2 浅見維斗
34%
No matching quizzes found
Score Distribution
Percent of People with Each Score
Percentile by Number Answered
Your Score History
You have not taken this quiz